| 000 | 00666cam a2200193 i 4500 | ||
|---|---|---|---|
| 005 | 20251207113405.0 | ||
| 008 | 250721s2002 jo gr 000 0 ara d | ||
| 082 | 1 | 4 |
_a214.61 _bع ط و |
| 100 | 1 |
_aعطوان، أحمد موسى _eمعد. |
|
| 245 | 1 | 0 |
_aتسلية أهل المصائب ومكفرات الذنوب / _cإعداد أحمد موسى عطون. |
| 250 | _aالطبعة الأولى. | ||
| 264 | 3 | 1 |
_aعمان : _bدار البيت العتيق، _c2002. |
| 300 | _a112 صفحة. | ||
| 650 | 1 | 7 | _aالإسلام. |
| 650 | 1 | 7 | _aالإيمان. |
| 650 | 1 | 7 | _aالشريعة الإسلامية. |
| 942 |
_2ddc _cBK |
||
| 999 |
_c53449 _d53449 |
||